MARC

LEADER 00000nam0a2200000 4500
001 30795
005 20231101210009.0
010 |a 5936290808 
035 |a (RuTPU)RU\TPU\book\31070 
035 |a BOOK00031147 
090 |a 30795 
100 |a 20011209d2001 km y0rusy50 ca 
101 0 |a rus 
102 |a RU 
105 |a a z 001zy 
200 1 |a Деформации и напряжения при резании металлов  |f М. Г. Гольдшмидт 
210 |a Томск  |c STT  |d 2001 
215 |a 179 с.  |c ил. 
320 |a Библиогр.: с. 170-179. 
606 1 |a Металлообработка давлением  |x Теория  |2 stltpush  |3 (RuTPU)RU\TPU\subj\42507  |9 62172 
610 1 |a металлобработка 
610 1 |a металлы 
610 1 |a резание 
610 1 |a деформация 
610 1 |a напряжения 
610 1 |a труды учёных ТПУ 
675 |a 621.91.011  |v 3 
686 |a Ч611.68  |v LBC/SL-A  |2 rubbk 
700 1 |a Гольдшмидт  |b М. Г.  |c российский учёный в области автоматизации и роботизации в машиностроении  |c доцент Томского политехнического университета, кандидат технических наук  |f 1937-  |g Марк Георгиевич  |2 stltpush  |3 (RuTPU)RU\TPU\pers\26834 
801 0 |a RU  |b 63413507  |c 20011209  |g PSBO 
801 2 |a RU  |b 63413507  |c 20201105  |g PSBO 
900 |a Резание металлов и режущий инструмент 
942 |c BK